000 00755nam a2200205Ia 4500
003 GCL
005 20240530103048.0
008 140319s9999 xx 000 0 ara d
040 _aGCL /
_cGCL
082 0 4 _a737.4
_bد ع
110 _aدار الكتب المصرية
245 1 0 _aالعملات العربية والاسلامية الذهبية الفضية البرونزية فى دار الكتب المصرية /
_cدار الكتب المصرية
260 _aالقاهرة :
_bدار العرب للبستانى
300 _a32 ص :
_bصور ؛
_c16 سم
650 0 4 _aالنقود
650 0 4 _aالعملات البرونزية
650 0 4 _aالعملات الذهبية
650 0 4 _aالعملات الفضية
942 _2ddc
_cBK
999 _c36522
_d36522